| 000 | 01193nmm a2200301 a 4500 | ||
|---|---|---|---|
| 001 | ocm000964979 | ||
| 003 | TR-IsHL | ||
| 005 | 20201028150815.0 | ||
| 008 | 150110s2014 tu tur | ||
| 007 | cr cn | ||
| 020 | _a9786054908189 | ||
| 035 |
_a964979 _b(N$T) |
||
| 050 | 0 | 4 |
_aKBP144 _b.K37 2014 |
| 090 | 0 | 4 |
_aKBP144 _b.K37 2014 |
| 100 | 1 | _aEl-Kasımi, Muhammed Cemaluddin | |
| 245 | 1 | 0 |
_aÇoraplar üzerine mesh etmek ve Elbani'nin çoraplara mesh etmenin ahkamı konusunda tamamlayıcı nasihatleri _h[electronic resource] / _cMuhammed Cemaluddin El-Kasımi ; takdim Allame Ahmed Muhammed Şakir ; tahkik Allame Muhaddis Nasiruddin el-Elbani ; mütercim Mehmet Şahir |
| 260 |
_aİstanbul : _bMercan Kitap, _c2014 |
||
| 300 | _a161 p. | ||
| 650 | 4 | _aDil ve Edebiyat | |
| 650 | 4 | _aLanguage and Literature | |
| 650 | 0 |
_aFiqh _x Provisions |
|
| 650 | 0 |
_aFıkıh _x Hükümler |
|
| 650 | 7 |
_aRELIGION / Islam / Rituals & Practice _2bisacsh |
|
| 700 | 1 | _aŞakir, Allame Ahmed Muhammed | |
| 700 | 1 | _ael-Elbani, Allame Muhaddis Nasiruddin | |
| 700 | 1 | _aŞahir, Mehmet | |
| 856 | 4 | 0 | _uhttp://search.ebscohost.com/login.aspx?direct=true&scope=site&db=e011xww&AN=964979 |
| 999 |
_c10671 _d10671 |
||